000
00341nam a2200145Ia 4500
005
20251222142013.0
008
251222s9999||||xx |||||||||||||| ||spa||
020
_a
9972837114
082
_a
709/M93
100
_a
Mujica Pinilla, Ramón
245
0
_a
El Barroco Peruano
250
_a
1ra.ed.
264
_b
Banco de Crédito
942
_c
LIB
999
_c
10407
_d
10407